000 01626nam a2200373 c 4500
700 1 _aАрнаудов, Михаил Петров
_933558
999 _c190250
_d190250
003 BLK
005 20240313005510.0
008 180411b bul|||||r ||||||| ||bul||
010 _aKNG00199359000
040 _aBLK
041 _aBUL
_cBUL
072 7 _2bullib
_aА
_xФонд Михаил Арнаудов
080 _aБългарска литература
_b821.163.2
_x(081.1)
_z821.163.2(081.1)
080 _aБългарска литература
_b821.163.2
_x-31
_z821.163.2-31
100 1 _aВазов, Иван Минчов
_eпърви автор
_9363396
139 _aВазов, Иван Минчов
_bВ 15
245 1 0 _aСъбрани съчинения
_bПълно изд. под ред. на проф. М. Арнаудов : Т. 1 -
_cИван Минчов Вазов; * Михаил Петров Арнаудов.
_nТ. 16
_pНова земя
257 _aBGR
260 _bХемус
_c1942 -
300 _c19 см
380 _aX
490 _9396381
_aЧастна колекция - Академик Михаил Арнаудов
_gДарение - Основен фонд
659 _aА
760 1 _aВазов, Иван Минчов
_d1948
_h580 с.
_nФонд Михаил Арнаудов - Твърда подв.
_tТ. 16 Нова земя
852 _aЦб 8.190.5055
_bЦб
852 _aМА 1
_bМА
856 4 _qpdf
856 4 _qpdf
942 _cKNG
_n0
_s1
944 _aCR
_c21.01.2017
_k
_lCRON CRON
944 _aED
_c21.01.2017
_kГеновева_Генчева
999 _d190250